[Event "MTO-2021"]
[Site "?"]
[Date "2021.??.??"]
[Round "4.102"]
[White "Eljanov Pavel"]
[Black "Wagner Dennis"]
[Result "1/2-1/2"]
[WhiteElo "2671"]
[BlackElo "2572"]
[PlyCount "65"]
[EventDate "2021.??.??"]
[WhiteTeam "Ukraine"]
[BlackTeam "Deutschland"]
[WhiteTeamCountry "UKR"]
[BlackTeamCountry "GER"]

1. d4 Nf6 2. c4 g6 3. g3 c6 4. Bg2 d5 5. Nf3 Bg7 6. cxd5 cxd5 7. Nc3 O-O 8. Ne5
Bf5 9. Be3 Qb6 10. Qd2 Rd8 11. f3 Nc6 12. Nxc6 Qxc6 13. Rc1 Rac8 14. O-O h5 15.
h3 Qd7 16. g4 Be6 17. Bh6 Rc4 18. Bxg7 Kxg7 19. e3 Rdc8 20. Rf2 hxg4 21. fxg4
b5 22. Rcf1 b4 23. Ne2 Qd6 24. Nf4 Rc2 25. Qxc2 Rxc2 26. Rxc2 g5 27. Nd3 Qa6
28. Nc1 Ne4 29. Bxe4 dxe4 30. b3 Bd7 31. Kg2 Bb5 32. Rff2 f6 33. Rc7 1/2-1/2

[Event "MTO-2021"]
[Site "?"]
[Date "2021.??.??"]
[Round "4.103"]
[White "Fedorchuk Sergey"]
[Black "Chithambaram Aravindh"]
[Result "1-0"]
[WhiteElo "2598"]
[BlackElo "2641"]
[PlyCount "115"]
[EventDate "2021.??.??"]
[WhiteTeam "Ukraine"]
[BlackTeam "Indien"]
[WhiteTeamCountry "UKR"]
[BlackTeamCountry "IND"]

1. e4 c6 2. d4 d5 3. f3 dxe4 4. fxe4 e5 5. Nf3 Bg4 6. c3 Nd7 7. Bd3 Ngf6 8. O-O
Bd6 9. Na3 b5 10. Nc2 Qb6 11. Kh1 c5 12. a4 cxd4 13. cxd4 exd4 14. axb5 O-O 15.
Ra6 Qb8 16. Ncxd4 Bxh2 17. Nc6 Qc7 18. Qc2 Bd6 19. Be3 Rfe8 20. Bd4 Bxf3 21.
gxf3 Nh5 22. Rg1 Re6 23. Rg5 Rh6 24. Kg1 f6 25. Rg4 Nf4 26. Ne7+ Kf8 27. Rc6
Qd8 28. Nf5 Ne5 29. Bxe5 fxe5 30. Nxh6 gxh6 31. Qc4 Ng6 32. Qd5 Be7 33. Bc4
Qxd5 34. exd5 Rd8 35. Re4 Bd6 36. Re1 Ne7 37. Ra6 Nf5 38. Kg2 Rd7 39. Rc6 h5
40. Rc8+ Kg7 41. Kh3 Kf6 42. Re8 Rg7 43. Re6+ Kf7 44. Bd3 e4 45. Rxd6 Rg3+ 46.
Kh2 exd3 47. Rd7+ Kf6 48. Rxa7 Rxf3 49. Ra6+ Kg5 50. Rg1+ Kf4 51. b6 Ne3 52.
Ra4+ Kf5 53. Rd4 Ke5 54. b7 Rf2+ 55. Kh3 Rxb2 56. Rxd3 Ke4 57. d6 Ng4 58. d7
1-0

[Event "MTO-2021"]
[Site "?"]
[Date "2021.??.??"]
[Round "4.104"]
[White "Banusz Tamas"]
[Black "Raja Harshit"]
[Result "1/2-1/2"]
[WhiteElo "2631"]
[BlackElo "2484"]
[PlyCount "90"]
[EventDate "2021.??.??"]
[WhiteTeam "Ungarn"]
[BlackTeam "Indien"]
[WhiteTeamCountry "HUN"]
[BlackTeamCountry "IND"]

1. Nf3 d5 2. g3 g6 3. Bg2 Bg7 4. d4 Nf6 5. O-O O-O 6. c4 c6 7. b3 a5 8. Nc3 Bf5
9. Bb2 Nbd7 10. cxd5 Nxd5 11. Nh4 Be6 12. Rc1 Nxc3 13. Bxc3 a4 14. bxa4 Nb6 15.
a5 Nc4 16. e4 Nxa5 17. d5 Bxc3 18. Rxc3 cxd5 19. exd5 Rc8 20. Rxc8 Bxc8 21. Qd4
Qd6 22. Re1 Rd8 23. h3 e6 24. Qf6 Rf8 25. Rd1 Nc6 26. Nf3 Qd8 27. Qf4 exd5 28.
Ng5 h6 29. Ne4 Kg7 30. Nc3 d4 31. Bxc6 bxc6 32. Rxd4 Qa5 33. Rc4 Rd8 34. Kh2 g5
35. Qe3 Qf5 36. g4 Qe6 37. Re4 Qd6+ 38. Kg1 c5 39. Re5 Bb7 40. Rxc5 Qd1+ 41.
Nxd1 Rxd1+ 42. Kh2 Rh1+ 43. Kg3 Rg1+ 44. Kh2 Rh1+ 45. Kg3 Rg1+ 1/2-1/2

[Event "MTO-2021"]
[Site "?"]
[Date "2021.??.??"]
[Round "4.105"]
[White "Yuffa Daniil"]
[Black "Narayanan S.L."]
[Result "1/2-1/2"]
[WhiteElo "2578"]
[BlackElo "2624"]
[PlyCount "62"]
[EventDate "2021.??.??"]
[WhiteTeam "Russland"]
[BlackTeam "Indien"]
[WhiteTeamCountry "RUS"]
[BlackTeamCountry "IND"]

1. d4 d5 2. c4 dxc4 3. e4 b5 4. a4 c6 5. axb5 cxb5 6. Nc3 Qb6 7. b3 e6 8. bxc4
Bb4 9. Bd2 bxc4 10. Bxc4 Ne7 11. Nge2 O-O 12. O-O a5 13. d5 Ba6 14. Ba2 exd5
15. Nxd5 Nxd5 16. Bxd5 Nc6 17. Be3 Qb5 18. Ng3 Rad8 19. Qg4 Rd6 20. Rfd1 Ne7
21. Nf5 Nxf5 22. Qxf5 Qd7 23. Qxd7 Rxd7 24. Bd2 Bb7 25. Bxb4 axb4 26. Rab1 Bxd5
27. exd5 Rb8 28. d6 f6 29. Rb3 Rb6 30. g3 Rdxd6 31. Rxd6 Rxd6 1/2-1/2

[Event "MTO-2021"]
[Site "?"]
[Date "2021.??.??"]
[Round "4.106"]
[White "Dragnev Valentin"]
[Black "R Praggnanandhaa"]
[Result "0-1"]
[WhiteElo "2569"]
[BlackElo "2608"]
[PlyCount "117"]
[EventDate "2021.??.??"]
[WhiteTeam "Österreich"]
[BlackTeam "Indien"]
[WhiteTeamCountry "AUT"]
[BlackTeamCountry "IND"]

1. e4 e5 2. Nf3 Nc6 3. Bb5 a6 4. Ba4 Nf6 5. O-O b5 6. Bb3 Bc5 7. a4 Rb8 8. c3
d6 9. d4 Bb6 10. a5 Ba7 11. h3 O-O 12. Be3 Re8 13. Ng5 Rf8 14. Nf3 Re8 15. Ng5
Rf8 16. Re1 Ra8 17. Nf3 h6 18. Nbd2 Re8 19. Ba2 Qe7 20. Bb1 Nb8 21. c4 exd4 22.
Nxd4 Bxd4 23. Bxd4 Nc6 24. Be3 bxc4 25. Nxc4 Bb7 26. Nd2 Nb4 27. Bd4 c5 28. Bc3
Nbd5 29. Bd3 Nxc3 30. bxc3 Qc7 31. c4 Bc6 32. Qc2 Rab8 33. Nb1 Rb4 34. Nc3 Reb8
35. Ra2 Qe7 36. Bf1 Qe5 37. Qd2 Rb3 38. Rc2 Ra3 39. f3 Rbb3 40. Nd5 Bxd5 41.
exd5 Re3 42. Rxe3 Rxe3 43. Rb2 g5 44. Rb1 Nh5 45. Rb8+ Kg7 46. Qb2 Rc3 47. Qe2
Qd4+ 48. Qf2 Qf4 49. Qb2 Qe3+ 50. Qf2 Qc1 51. Re8 Rc2 52. Qe3 Ng3 53. Qe1 Qxe1
54. Rxe1 h5 55. Rb1 h4 56. Bd3 Rd2 57. Bf1 Kf6 58. Re1 Kf5 59. Rc1 0-1

[Event "MTO-2021"]
[Site "?"]
[Date "2021.??.??"]
[Round "4.107"]
[White "Murali Karthikeyan"]
[Black "Vaishali R"]
[Result "1-0"]
[WhiteElo "2606"]
[BlackElo "2393"]
[PlyCount "89"]
[EventDate "2021.??.??"]
[WhiteTeam "Indien"]
[BlackTeam "Indien"]
[WhiteTeamCountry "IND"]
[BlackTeamCountry "IND"]

1. d4 Nf6 2. Nc3 d5 3. Bf4 c5 4. e3 cxd4 5. exd4 a6 6. Nf3 Nc6 7. Ne5 Bd7 8. g3
e6 9. Bg2 Nxe5 10. dxe5 Ng8 11. O-O Ne7 12. h4 Ng6 13. Be3 Nxe5 14. Re1 Be7 15.
Bd4 Nc6 16. Bxg7 Rg8 17. Bh6 Qb6 18. Bf4 Qxb2 19. Qd3 Nb4 20. Qxh7 Rf8 21. Nxd5
Nxd5 22. Bxd5 exd5 23. Bg5 Be6 24. Rab1 Rh8 25. Qd3 Qa3 26. Rxb7 Qxd3 27. Rxe7+
Kf8 28. cxd3 Rc8 29. Ra7 Rc6 30. Rc1 Rxc1+ 31. Bxc1 Bc8 32. h5 d4 33. h6 Kg8
34. Bf4 Bf5 35. Rxa6 Bxd3 36. Ra8+ Kh7 37. Rxh8+ Kxh8 38. a4 Be2 39. a5 f6 40.
Kg2 Kg8 41. f3 Kh7 42. Kf2 Bc4 43. Ke1 Kg6 44. Kd2 Kf7 45. Kc2 1-0

[Event "MTO-2021"]
[Site "?"]
[Date "2021.??.??"]
[Round "4.108"]
[White "NR Visakh"]
[Black "Sethuraman S.P."]
[Result "0-1"]
[WhiteElo "2516"]
[BlackElo "2644"]
[PlyCount "132"]
[EventDate "2021.??.??"]
[WhiteTeam "Indien"]
[BlackTeam "Indien"]
[WhiteTeamCountry "IND"]
[BlackTeamCountry "IND"]

1. d4 Nf6 2. c4 g6 3. Nc3 Bg7 4. e4 d6 5. Be2 O-O 6. Be3 Nc6 7. d5 Ne5 8. f4
Neg4 9. Bd2 Nh6 10. Nf3 c6 11. O-O cxd5 12. cxd5 b5 13. a3 Qb6+ 14. Kh1 Nhg4
15. Qe1 Ne3 16. Bxe3 Qxe3 17. Bxb5 Qxf4 18. Nd4 Qh6 19. Nc6 Ng4 20. h3 Bf6 21.
Rxf6 exf6 22. Ne7+ Kg7 23. Nxc8 Raxc8 24. Bd7 Rxc3 25. bxc3 Ne5 26. Bb5 Rc8 27.
Ra2 Qf4 28. Re2 h5 29. Re3 h4 30. Kg1 Rb8 31. a4 Rb6 32. Qf2 Qxf2+ 33. Kxf2 a6
34. Bf1 Nd7 35. Bc4 Nc5 36. a5 Rb1 37. Re1 Rb2+ 38. Re2 Nxe4+ 39. Ke3 Rxe2+ 40.
Bxe2 Nc5 41. Kf4 Kh6 42. Kg4 f5+ 43. Kf4 Kg7 44. Kg5 Ne4+ 45. Kf4 g5+ 46. Ke3
Nc5 47. Bd1 Nb7 48. Be2 Nxa5 49. Bxa6 Kf6 50. Kd4 Nb3+ 51. Kc4 Nc5 52. Bc8 Ke5
53. Kb5 Ne4 54. c4 Kf4 55. Kc6 Ke5 56. Kc7 f4 57. Bg4 f5 58. Be2 Nf6 59. Kd8 g4
60. Ke7 f3 61. gxf3 gxh3 62. Bf1 h2 63. Bg2 f4 64. Bh1 h3 65. Kf7 Nh5 66. Ke7
Ng3 0-1

[Event "MTO-2021"]
[Site "?"]
[Date "2021.??.??"]
[Round "4.109"]
[White "Valsecchi Alessio"]
[Black "Chigaev Maksim"]
[Result "1/2-1/2"]
[WhiteElo "2527"]
[BlackElo "2630"]
[PlyCount "62"]
[EventDate "2021.??.??"]
[WhiteTeam "Italien"]
[BlackTeam "Russland"]
[WhiteTeamCountry "ITA"]
[BlackTeamCountry "RUS"]

1. e4 c5 2. Nf3 d6 3. d4 cxd4 4. Nxd4 Nf6 5. Nc3 a6 6. Be2 e6 7. O-O Be7 8. f4
Qc7 9. Be3 O-O 10. Kh1 Nc6 11. Qe1 Nxd4 12. Bxd4 b5 13. a3 Bb7 14. Qg3 Bc6 15.
Rae1 Rac8 16. Bd3 e5 17. fxe5 Nh5 18. Qh3 dxe5 19. Nd5 Bxd5 20. Qxh5 exd4 21.
Qxd5 Rcd8 22. Qf5 g6 23. Qf4 Qxf4 24. Rxf4 Bg5 25. Rff1 Kg7 26. g3 Rfe8 27. Kg2
Re5 28. a4 bxa4 29. Ra1 Rb8 30. Rxa4 Rxb2 31. Rxa6 Rb7 1/2-1/2

[Event "MTO-2021"]
[Site "?"]
[Date "2021.??.??"]
[Round "4.110"]
[White "Erdos Viktor"]
[Black "Gschnitzer Adrian"]
[Result "1-0"]
[WhiteElo "2614"]
[BlackElo "2420"]
[PlyCount "79"]
[EventDate "2021.??.??"]
[WhiteTeam "Ungarn"]
[BlackTeam "Deutschland"]
[WhiteTeamCountry "HUN"]
[BlackTeamCountry "GER"]

1. e4 c6 2. Nf3 d5 3. d3 dxe4 4. dxe4 Qxd1+ 5. Kxd1 Nd7 6. a4 g6 7. Ne1 f5 8.
Nd2 Ngf6 9. exf5 gxf5 10. Nc4 Nb6 11. a5 Nbd5 12. Nd3 Be6 13. Nce5 a6 14. c4
Nc7 15. f3 O-O-O 16. Kc2 Bg7 17. Bd2 Rhe8 18. g3 Kb8 19. Bc3 Bg8 20. Nc5 Ne6
21. Nxe6 Bxe6 22. Re1 Bg8 23. Bd3 f4 24. g4 Kc7 25. g5 Nd7 26. Nxd7 Bxc3 27.
Kxc3 Rxd7 28. Re5 Red8 29. Bc2 e6 30. Rhe1 Rd2 31. R1e2 Rxe2 32. Rxe2 c5 33. h4
Re8 34. h5 Bf7 35. h6 Rg8 36. Bxh7 Rxg5 37. Rh2 b6 38. Be4 Rg8 39. h7 Rh8 40.
Rg2 1-0

[Event "MTO-2021"]
[Site "?"]
[Date "2021.??.??"]
[Round "4.111"]
[White "Puranik Abhimanyu"]
[Black "Kalyan Arjun"]
[Result "1/2-1/2"]
[WhiteElo "2589"]
[BlackElo "2503"]
[PlyCount "95"]
[EventDate "2021.??.??"]
[WhiteTeam "Indien"]
[BlackTeam "Indien"]
[WhiteTeamCountry "IND"]
[BlackTeamCountry "IND"]

1. c4 Nf6 2. Nf3 e6 3. b3 d5 4. Bb2 c5 5. e3 Nc6 6. cxd5 exd5 7. Bb5 Bd6 8. O-O
O-O 9. d4 cxd4 10. Nxd4 Bc7 11. Nf3 Bg4 12. Nbd2 Bb6 13. Bxc6 bxc6 14. Qc2 c5
15. Ne5 Be6 16. Rad1 Qe7 17. e4 Qb7 18. exd5 Nxd5 19. Qe4 Rfe8 20. Qf3 f6 21.
Nec4 Qc7 22. Rfe1 Bf7 23. Ne4 Qf4 24. Qxf4 Nxf4 25. Ncd6 Re6 26. Nxf7 Kxf7 27.
Nd6+ Kg6 28. Rxe6 Nxe6 29. Nc4 Rd8 30. Re1 Nf4 31. g3 Nd5 32. Re2 Kf7 33. Kg2
Rd7 34. Bc1 Bd8 35. Be3 Be7 36. Kf3 h5 37. h3 Nb4 38. a3 Nc6 39. Rd2 Rxd2 40.
Nxd2 Ke6 41. Ke4 f5+ 42. Kd3 Ne5+ 43. Ke2 g6 44. Nb1 Kd5 45. Nc3+ Kc6 46. h4
Nd7 47. a4 a6 48. Kd2 1/2-1/2

[Event "MTO-2021"]
[Site "?"]
[Date "2021.??.??"]
[Round "4.113"]
[White "Sadhwani Raunak"]
[Black "Haimovich Tal"]
[Result "1-0"]
[WhiteElo "2555"]
[BlackElo "2388"]
[PlyCount "69"]
[EventDate "2021.??.??"]
[WhiteTeam "Indien"]
[BlackTeam "Israel"]
[WhiteTeamCountry "IND"]
[BlackTeamCountry "ISR"]

1. e4 e6 2. d4 d5 3. Nc3 Nf6 4. Bg5 Bb4 5. e5 h6 6. Bd2 Bxc3 7. bxc3 Ne4 8. Qg4
Kf8 9. Bd3 Nxd2 10. Kxd2 c5 11. Nf3 Nc6 12. Qf4 c4 13. Be2 Bd7 14. g4 b5 15. a3
a5 16. h4 b4 17. axb4 axb4 18. cxb4 Nxb4 19. Qe3 Ke7 20. g5 Qb6 21. Rhb1 Rxa1
22. Rxa1 Nc6 23. gxh6 Qb4+ 24. Kc1 Rxh6 25. c3 Qb6 26. Ra8 Be8 27. Qd2 Rg6 28.
Qa2 Qb3 29. Qa1 f6 30. Bd1 Qb7 31. h5 Rh6 32. Nh4 fxe5 33. Qa3+ Kd7 34. dxe5
Qc7 35. Qf8 1-0

[Event "MTO-2021"]
[Site "?"]
[Date "2021.??.??"]
[Round "4.114"]
[White "Papadiamandis Elliot"]
[Black "Korpa Bence"]
[Result "1/2-1/2"]
[WhiteElo "2363"]
[BlackElo "2536"]
[PlyCount "66"]
[EventDate "2021.??.??"]
[WhiteTeam "Frankreich"]
[BlackTeam "Ungarn"]
[WhiteTeamCountry "FRA"]
[BlackTeamCountry "HUN"]

1. e4 c6 2. d4 d5 3. Nc3 dxe4 4. Nxe4 Bf5 5. Ng3 Bg6 6. h4 h6 7. Nf3 Nd7 8. h5
Bh7 9. Bd3 Bxd3 10. Qxd3 e6 11. Bd2 Ngf6 12. O-O-O Be7 13. Qe2 Rc8 14. Ne5 O-O
15. Kb1 c5 16. dxc5 Nxe5 17. Qxe5 Rxc5 18. Qe2 Qc7 19. Be3 Rc6 20. Bd4 Rc8 21.
c3 Qa5 22. Bxf6 Bxf6 23. Ne4 Be5 24. Rd7 Ra6 25. a3 Rb6 26. Rhd1 Qxa3 27. Rd8+
Rxd8 28. Rxd8+ Kh7 29. Qc2 f5 30. g4 Qe7 31. Qd3 Qa3 32. Qc2 Qe7 33. Qd3 Qa3
1/2-1/2

[Event "MTO-2021"]
[Site "?"]
[Date "2021.??.??"]
[Round "4.115"]
[White "Kantor Gergely"]
[Black "J Sai Agni Jeevitesh"]
[Result "1-0"]
[WhiteElo "2527"]
[BlackElo "2322"]
[PlyCount "147"]
[EventDate "2021.??.??"]
[WhiteTeam "Ungarn"]
[BlackTeam "Indien"]
[WhiteTeamCountry "HUN"]
[BlackTeamCountry "IND"]

1. e4 c6 2. d4 d5 3. e5 c5 4. dxc5 e6 5. a3 Bxc5 6. b4 Bb6 7. Qg4 Ne7 8. Bd3
Ng6 9. Nf3 O-O 10. h4 Nc6 11. Bb2 f5 12. Qg3 a5 13. b5 Nb8 14. h5 Nh8 15. Nc3
Nd7 16. Na4 Nc5 17. Nxc5 Bxc5 18. Qf4 Nf7 19. c4 Nh6 20. Nd4 a4 21. O-O dxc4
22. Bxc4 Qe8 23. Be2 Bd7 24. Rab1 Qe7 25. Bf3 Rab8 26. Rfc1 Rfc8 27. Rc4 Bxa3
28. Rxa4 Bxb2 29. Rxb2 Qc5 30. Rc2 Qb6 31. Rxc8+ Rxc8 32. Qe3 Nf7 33. Be2 Qc7
34. f4 Nd8 35. Bc4 Kf8 36. Qa3+ Ke8 37. Qg3 Qc5 38. Be2 Qc1+ 39. Kh2 Kf7 40. h6
g6 41. Nf3 Qc5 42. Rd4 Ke8 43. Qh4 Nf7 44. Qf6 Qf8 45. Kg3 Rc3 46. Bc4 Qe7 47.
Qg7 g5 48. Qxh7 gxf4+ 49. Kh2 Qf8 50. Qg7 Qxg7 51. hxg7 Nh6 52. Ng5 Rg3 53.
Nxe6 Bxe6 54. Bxe6 Rxg7 55. Rxf4 Re7 56. Bxf5 Rxe5 57. Re4 Nf7 58. Kg3 Ke7 59.
Kf4 Rxe4+ 60. Bxe4 b6 61. Bd5 Nd6 62. Bc6 Kf6 63. g3 Nf5 64. g4 Nd6 65. g5+ Ke6
66. Kg4 Ke5 67. Kh5 Kf5 68. Bd7+ Ke5 69. g6 Ne4 70. g7 Nf6+ 71. Kg6 Ng8 72. Be8
Kd6 73. Bf7 Ne7+ 74. Kf6 1-0

[Event "MTO-2021"]
[Site "?"]
[Date "2021.??.??"]
[Round "4.116"]
[White "Dordzhieva Dinara"]
[Black "Donchenko Alexander"]
[Result "0-1"]
[WhiteElo "2311"]
[BlackElo "2652"]
[PlyCount "120"]
[EventDate "2021.??.??"]
[WhiteTeam "Russland"]
[BlackTeam "Deutschland"]
[WhiteTeamCountry "RUS"]
[BlackTeamCountry "GER"]

1. d4 Nf6 2. c4 e6 3. Nc3 Bb4 4. Qc2 b6 5. e4 c5 6. d5 Qe7 7. Bd3 exd5 8. cxd5
Nxd5 9. Nge2 Bxc3+ 10. bxc3 Nf6 11. O-O O-O 12. Bg5 h6 13. Bh4 g5 14. Bg3 Nc6
15. Kh1 d5 16. exd5 Nxd5 17. Rfe1 Be6 18. Bf5 Rfe8 19. Be4 Rad8 20. Rad1 Qf6
21. a3 Na5 22. c4 Ne7 23. Bd3 Nf5 24. Bc7 Rd7 25. Ng3 Nd4 26. Qa4 Nac6 27. Nh5
Qe7 28. Bg3 Kf8 29. Be4 Bf5 30. f3 Bxe4 31. Rxe4 Qd8 32. Rxe8+ Kxe8 33. Re1+
Re7 34. Be5 f6 35. Bg3 Rxe1+ 36. Bxe1 Qe7 37. Bf2 Kf7 38. Ng3 f5 39. Nxf5 Nxf5
40. Qxc6 Qe2 41. Qd5+ Kf6 42. Bg1 Qe6 43. Qd8+ Kg6 44. Qd3 Kf7 45. Bf2 Ke8 46.
Bg3 Qe3 47. Qb1 Kd8 48. Bb8 Qxa3 49. h3 Ne7 50. Qe4 Qa4 51. Kh2 Qc6 52. Qe5 a5
53. Bd6 Nf5 54. Bb8 Kc8 55. Qh8+ Kb7 56. Be5 Ka6 57. Qf8 Ne3 58. Qf7 a4 59. Bb8
Ka5 60. Bg3 Nf1+ 0-1

[Event "MTO-2021"]
[Site "?"]
[Date "2021.??.??"]
[Round "4.117"]
[White "Tahay Alexis"]
[Black "Gukesh Dommaraju"]
[Result "0-1"]
[WhiteElo "2349"]
[BlackElo "2578"]
[PlyCount "94"]
[EventDate "2021.??.??"]
[WhiteTeam "Frankreich"]
[BlackTeam "Indien"]
[WhiteTeamCountry "FRA"]
[BlackTeamCountry "IND"]

1. e4 c6 2. Nf3 d5 3. d3 Bg4 4. h3 Bh5 5. Nc3 d4 6. g4 Bg6 7. Ne2 e5 8. c3 dxc3
9. bxc3 Nd7 10. Ng3 h5 11. gxh5 Bxh5 12. Be2 Bxf3 13. Bxf3 g6 14. Kf1 Qc7 15.
d4 O-O-O 16. Qb3 Rh7 17. Kg2 Bd6 18. Bg5 f6 19. Be3 exd4 20. cxd4 Bf4 21. Rab1
Bxe3 22. Qxe3 Ne7 23. e5 f5 24. Qa3 Kb8 25. Qd6 Nb6 26. Qxc7+ Kxc7 27. Rbd1 Rh4
28. Ne2 g5 29. Rdg1 Rdh8 30. Kf1 Rxh3 31. Rxh3 Rxh3 32. Rg3 Rxg3 33. Nxg3 Nd7
34. Ke2 Nf8 35. Nh5 Ne6 36. Ke3 g4 37. Bg2 b5 38. Nf4 Nxf4 39. Kxf4 Kd7 40. f3
gxf3 41. Bxf3 a5 42. Bd1 a4 43. Kg5 Nd5 44. Bc2 f4 45. Kh4 Nc3 46. a3 f3 47.
Bd3 b4 0-1

[Event "MTO-2021"]
[Site "?"]
[Date "2021.??.??"]
[Round "4.118"]
[White "Tang Andrew"]
[Black "Fecker Noah"]
[Result "1-0"]
[WhiteElo "2525"]
[BlackElo "2309"]
[PlyCount "99"]
[EventDate "2021.??.??"]
[WhiteTeam "Vereinigte Staaten"]
[BlackTeam "Schweiz"]
[WhiteTeamCountry "USA"]
[BlackTeamCountry "SUI"]

1. d4 Nf6 2. Bf4 g6 3. e3 Bg7 4. Nf3 O-O 5. Be2 d6 6. h3 c5 7. O-O b6 8. c3 Bb7
9. Nbd2 Nbd7 10. a4 a6 11. Qb3 Bc6 12. Bh2 Qc7 13. c4 cxd4 14. exd4 Ne4 15.
Nxe4 Bxe4 16. Qe3 Qb7 17. Rfe1 Nf6 18. b4 Qd7 19. d5 Bxd5 20. Qxb6 Bb7 21. Qe3
Rfe8 22. Nd4 Rab8 23. b5 Ne4 24. Rad1 Qc7 25. bxa6 Ba8 26. Nb5 Qa5 27. Bf3 Nc3
28. Rc1 Bxf3 29. Qxf3 Na2 30. Rb1 Nc3 31. Nxc3 Rxb1 32. Rxb1 Bxc3 33. Bf4 Bd4
34. Qc6 Rd8 35. Be3 Bxe3 36. fxe3 Kg7 37. Qb6 Qxb6 38. Rxb6 Ra8 39. Kf2 Kf6 40.
c5 Ke6 41. e4 Kd7 42. cxd6 exd6 43. Ke3 h5 44. Kd4 Kc7 45. a5 Re8 46. a7 Ra8
47. Kd5 Rxa7 48. Rc6+ Kd7 49. a6 Ke7 50. Rb6 1-0

[Event "MTO-2021"]
[Site "?"]
[Date "2021.??.??"]
[Round "4.119"]
[White "Shchekachev Andrei"]
[Black "Ammar Sedrani"]
[Result "1-0"]
[WhiteElo "2515"]
[BlackElo "2274"]
[PlyCount "83"]
[EventDate "2021.??.??"]
[WhiteTeam "Frankreich"]
[BlackTeam "Vereinigte Arabische Emirate"]
[WhiteTeamCountry "FRA"]
[BlackTeamCountry "UAE"]

1. Nf3 d5 2. d4 Bf5 3. c4 e6 4. Nc3 Nc6 5. Bf4 Bd6 6. Bxd6 Qxd6 7. e3 a6 8. Be2
Nf6 9. O-O h6 10. Rc1 O-O 11. a3 Rad8 12. cxd5 exd5 13. Nd2 Ne7 14. Na4 c6 15.
Nc5 Rb8 16. b4 Ne8 17. Re1 Nc7 18. Qb3 b6 19. Nd3 Bxd3 20. Bxd3 Ne6 21. Qc3 Ra8
22. Nb3 Rfc8 23. a4 a5 24. bxa5 c5 25. dxc5 bxc5 26. Bb5 c4 27. Nd4 Nc5 28.
Red1 Qg6 29. Rb1 Nd3 30. a6 Qf6 31. Rxd3 cxd3 32. Qxd3 Ng6 33. Qf5 Qd6 34. g3
Ne5 35. Qh5 Nc4 36. Rd1 Nb2 37. Nf5 Qf6 38. Rxd5 Rxa6 39. Bxa6 Rc1+ 40. Bf1 Qa6
41. Rb5 Nxa4 42. Nd4 1-0

[Event "MTO-2021"]
[Site "?"]
[Date "2021.??.??"]
[Round "4.120"]
[White "Stelmaszyk Nico"]
[Black "Budisavljevic Luka"]
[Result "1/2-1/2"]
[WhiteElo "2296"]
[BlackElo "2509"]
[PlyCount "199"]
[EventDate "2021.??.??"]
[WhiteTeam "Deutschland"]
[BlackTeam "Serbien"]
[WhiteTeamCountry "GER"]
[BlackTeamCountry "SRB"]

1. e4 c5 2. c3 d5 3. exd5 Qxd5 4. d4 Nc6 5. Nf3 Bf5 6. Be3 Nf6 7. dxc5 Qxd1+ 8.
Kxd1 O-O-O+ 9. Nbd2 Nd5 10. Bb5 e6 11. Ke2 Nxe3 12. fxe3 Bxc5 13. Nb3 Bb6 14.
Nbd4 Be4 15. Rad1 Ne7 16. Bd3 Bxd3+ 17. Rxd3 Nd5 18. Ne5 Rhf8 19. Rf1 Nf6 20.
Rfd1 Bc7 21. Ndf3 Rxd3 22. Rxd3 Nd5 23. g3 Nb6 24. Rd4 g5 25. Nc4 Rg8 26. Nxb6+
Bxb6 27. Rd1 Bc7 28. g4 h6 29. Rh1 Kd7 30. Rg1 Ke7 31. h3 f6 32. e4 Bf4 33. Rd1
h5 34. Rg1 Rh8 35. Kf2 Rh7 36. Re1 Kf7 37. Rd1 hxg4 38. hxg4 Kg6 39. Kg2 Rc7
40. Nd4 Rd7 41. Rh1 Be5 42. Nf3 Bc7 43. Rh8 Rd3 44. Rg8+ Kf7 45. Rh8 Bb6 46. e5
Re3 47. exf6 Re2+ 48. Kh3 Kxf6 49. Rf8+ Ke7 50. Rb8 Rxb2 51. Rxb7+ Kf6 52. Rb8
Rxa2 53. Rf8+ Kg7 54. Rc8 Be3 55. Nd4 Bxd4 56. cxd4 Kf6 57. Kg3 Rd2 58. Rd8 a5
59. Kf3 a4 60. Ke3 Rh2 61. Rf8+ Ke7 62. Rg8 Kf6 63. Rf8+ Kg7 64. Ra8 a3 65. Ke4
Re2+ 66. Kf3 Ra2 67. Ra5 Kf6 68. Ra7 Ra1 69. Kf2 Kg6 70. Kg2 Kf6 71. Kf2 Kg6
72. Kg2 a2 73. Kh2 Kf6 74. Kg2 Kg6 75. Kh2 Kf6 76. Kg2 Rd1 77. Rxa2 Rxd4 78.
Kf3 Rd3+ 79. Kf2 Ke5 80. Re2+ Kd5 81. Ra2 e5 82. Ra6 Ke4 83. Rf6 Rd2+ 84. Kg3
Rd3+ 85. Kf2 Rd2+ 86. Kg3 Kd3 87. Rf5 e4 88. Rxg5 e3 89. Re5 Rd1 90. g5 e2 91.
Kf4 Rf1+ 92. Kg4 e1=Q 93. Rxe1 Rxe1 94. Kf5 Kd4 95. g6 Kd5 96. g7 Rg1 97. Kf6
Kd6 98. Kf7 Rf1+ 99. Ke8 Re1+ 100. Kf7 1/2-1/2

[Event "MTO-2021"]
[Site "?"]
[Date "2021.??.??"]
[Round "4.121"]
[White "Unuk Laura"]
[Black "Gomez Barrera Javiera Belen"]
[Result "1-0"]
[WhiteElo "2407"]
[BlackElo "2083"]
[PlyCount "121"]
[EventDate "2021.??.??"]
[WhiteTeam "Slowenien"]
[BlackTeam "Chile"]
[WhiteTeamCountry "SLO"]
[BlackTeamCountry "CHI"]

1. d4 Nf6 2. c4 g6 3. Nf3 Bg7 4. g3 O-O 5. Bg2 d6 6. O-O Nc6 7. Nc3 e5 8. d5
Nb8 9. e4 a5 10. Rb1 Na6 11. Re1 Nc5 12. b3 Bd7 13. h3 b6 14. a3 Qe8 15. b4
axb4 16. axb4 Na4 17. Qd3 Nxc3 18. Qxc3 Qc8 19. Kh2 c6 20. dxc6 Bxc6 21. Nd2
Qe6 22. Qd3 Ra2 23. Kg1 Rb8 24. b5 Bb7 25. Ba3 Ra8 26. Rb3 Bf8 27. Nb1 Nd7 28.
Rc3 Nc5 29. Qe3 Qf6 30. Rf1 h5 31. h4 Ra4 32. Bc1 Qe6 33. Na3 Qc8 34. Rd1 Qa8
35. f3 Ne6 36. Nc2 d5 37. cxd5 Bc5 38. Rxc5 Nxc5 39. Qc3 Nd7 40. Nb4 Ra1 41.
Nc6 R4a2 42. Bh3 Qa4 43. Re1 Qc2 44. Qxc2 Rxc2 45. Bxd7 Rcxc1 46. Rxc1 Rxc1+
47. Kf2 f6 48. f4 exf4 49. gxf4 Kf8 50. e5 fxe5 51. fxe5 Rc5 52. d6 Rxb5 53. e6
Rf5+ 54. Kg3 Kg7 55. e7 Rf8 56. exf8=Q+ Kxf8 57. Kf4 b5 58. Kg5 Kg7 59. Nb4 Kf7
60. Nd3 Be4 61. Ne5+ 1-0

[Event "MTO-2021"]
[Site "?"]
[Date "2021.??.??"]
[Round "4.122"]
[White "Bänziger Fabian"]
[Black "Mayrhuber Nikola"]
[Result "1-0"]
[WhiteElo "2392"]
[BlackElo "2062"]
[PlyCount "78"]
[EventDate "2021.??.??"]
[WhiteTeam "Schweiz"]
[BlackTeam "Österreich"]
[WhiteTeamCountry "SUI"]
[BlackTeamCountry "AUT"]

1. d4 d5 2. c4 dxc4 3. Nf3 Nf6 4. e3 Bg4 5. Bxc4 e6 6. h3 Bh5 7. Nc3 Nc6 8. Be2
a6 9. O-O Bd6 10. b3 O-O 11. Bb2 Qe7 12. Rc1 Rad8 13. Nd2 Bxe2 14. Qxe2 Nd5 15.
Nce4 f5 16. Nc5 Bxc5 17. Rxc5 e5 18. Qc4 b5 19. Qe2 Rf6 20. Rfc1 Na5 21. dxe5
Rg6 22. Nf3 c6 23. Bd4 f4 24. Qe1 fxe3 25. Bxe3 Rf8 26. Kf1 Qf7 27. Qe2 Qe7 28.
Bd2 Nf4 29. Bxf4 Rxf4 30. Qd2 Rxf3 31. gxf3 Nc4 32. Qd4 Qg5 33. Rd1 Qg2+ 34.
Ke2 Rg3 35. Qd8+ Kf7 36. e6+ Kxe6 37. Qd7+ Kf6 38. Rf5+ Kg6 39. Qf7+ Kh6 1-0

[Event "MTO-2021"]
[Site "?"]
[Date "2021.??.??"]
[Round "4.123"]
[White "Al Hosani Omran"]
[Black "Seul Georg"]
[Result "1/2-1/2"]
[WhiteElo "2197"]
[BlackElo "2372"]
[PlyCount "53"]
[EventDate "2021.??.??"]
[WhiteTeam "Vereinigte Arabische Emirate"]
[BlackTeam "Deutschland"]
[WhiteTeamCountry "UAE"]
[BlackTeamCountry "GER"]

1. d4 Nf6 2. c4 e6 3. g3 c5 4. d5 exd5 5. cxd5 d6 6. Bg2 b5 7. a4 bxa4 8. Nc3
Be7 9. Qxa4+ Nfd7 10. Nf3 O-O 11. O-O Nb6 12. Qc2 Na6 13. Bf4 Nb4 14. Qb1 Bb7
15. e4 Re8 16. Rd1 f6 17. h4 Nc4 18. Na2 a5 19. Nxb4 axb4 20. Qc2 Ne5 21. Bxe5
fxe5 22. Nd2 Qc7 23. Nc4 Reb8 24. Ne3 Bc8 25. Qe2 Bd7 26. Rf1 Bb5 27. Nc4
1/2-1/2

[Event "MTO-2021"]
[Site "?"]
[Date "2021.??.??"]
[Round "4.124"]
[White "Rakhmangulova Anastasiya"]
[Black "Löffler Markus"]
[Result "0-1"]
[WhiteElo "2167"]
[BlackElo "2295"]
[PlyCount "82"]
[EventDate "2021.??.??"]
[WhiteTeam "Ukraine"]
[BlackTeam "Deutschland"]
[WhiteTeamCountry "UKR"]
[BlackTeamCountry "GER"]

1. e4 c5 2. Nf3 d6 3. Nc3 Nf6 4. e5 dxe5 5. Nxe5 Nbd7 6. Nc4 e6 7. g3 Be7 8.
Bg2 Nb6 9. d3 O-O 10. O-O Nbd5 11. Bd2 Rb8 12. a4 b6 13. a5 b5 14. Nxd5 Nxd5
15. Ne5 Qc7 16. Re1 Bb7 17. a6 Ba8 18. Ba5 Nb6 19. Bxa8 Rxa8 20. Qf3 Bd6 21.
Qe4 Rad8 22. Nf3 h6 23. Nd2 Rd7 24. Qg4 Re8 25. Qh5 Qc6 26. Bxb6 Qxb6 27. Re4
Bf8 28. Rg4 e5 29. Ne4 Qe6 30. f4 exf4 31. Rxf4 Rd5 32. Qf3 f5 33. Nc3 Re5 34.
Rf1 b4 35. Nb5 Qb6 36. Qb7 Rb8 37. Qc7 Qxc7 38. Nxc7 Bd6 39. Rxf5 Rxf5 40. Rxf5
Bxc7 41. Kg2 Bd6 0-1